000 00763nam a22002417a 4500
003 UA-OsUOA
001 37593
007 ta
008 20070424b un ||||| |||| 00| 0 ukr d
090 _a050
_bН72
942 _cMG
040 _aUA-OsUOA
_bukr
_cUA-OsUOA
_dUA-OsUOA
245 _aНова думка
300 _a58 с.
955 _a1
041 _aukr
080 _a050
022 _a0351-3181
260 _aХорватія
_bСоюз русинів і українців Республіки Хорватія
310 _a2006.- №1(133)
650 7 _a050 Серійні публікації. Періодика галузі, Організація та інші типи поєднання (співробітництва)
_2UDC
999 _c436113
_d436113